Tạp chí Hán Nôm

محفوظ في:
التفاصيل البيبلوغرافية
المؤلف الرئيسي: Viện Nghiên cứu Hán Nôm
التنسيق: كتاب
اللغة:Undetermined
منشور في: Hà Nội
الموضوعات:
الوصول للمادة أونلاين:http://lrc.tdmu.edu.vn/opac/search/detail.asp?aID=2&ID=6892
الوسوم: إضافة وسم
لا توجد وسوم, كن أول من يضع وسما على هذه التسجيلة!
Thư viện lưu trữ: Trung tâm Học liệu Trường Đại học Thủ Dầu Một
LEADER 00605nam a2200157Ia 4500
001 TDMU_6892
008 210410s9999 xx 000 0 und d
082 |a NULL 
100 |a Viện Nghiên cứu Hán Nôm 
245 0 |a Tạp chí Hán Nôm 
245 0 |c Viện Nghiên cứu Hán Nôm. Viện Khoa học Xã hội Việt Nam 
260 |a Hà Nội 
300 |a 85tr 
650 |a Tạp chí Hán Nôm; Tạp chí chuyên ngành  
856 |u http://lrc.tdmu.edu.vn/opac/search/detail.asp?aID=2&ID=6892 
980 |a Trung tâm Học liệu Trường Đại học Thủ Dầu Một